[Event "Rheinland Pfalz op Seniors 12th"]
[Site "Neustadt an der Weinstrasse"]
[Date "2014.07.14"]
[Round "2"]
[White "Selig, Rainer"]
[Black "Jaeger, Erich"]
[Result "1-0"]
[WhiteElo "2032"]
[BlackElo "1970"]
[PlyCount "67"]
[EventDate "2014.07.12"]
[EventType "swiss"]
[EventRounds "7"]
[EventCountry "GER"]
[SourceTitle "EXT 2019"]
[Source "ChessBase"]
[SourceDate "2018.10.10"]
[SourceVersion "1"]
[SourceVersionDate "2018.10.10"]
[SourceQuality "1"]

1. d4 Nf6 2. c4 g6 3. Nc3 Bg7 4. e4 d6 5. Nf3 0-0 6. Be2 e5 7. 0-0 exd4 8. Nxd4 Nc6 9. Be3 Re8 10. f3 Bd7 11. Qd2 Nxd4 12. Bxd4 h6 13. Rad1 Kh7 14. c5 Bc6 15. Bc4 dxc5 16. Bxc5 Qxd2 17. Rxd2 Nd7 18. Bf2 Bxc3 19. bxc3 Kg8 20. Rfd1 Nb6 21. Bb3 Bb5 22. g4 a5 23. Bxb6 cxb6 24. Rd6 a4 25. Bd5 Be2 26. Rd4 Kg7 27. Kf2 Ba6 28. Rxa4 b5 29. Rb4 Rac8 30. Rd7 Rf8 31. Rb3 b4 32. cxb4 Rc2+ 33. Ke3 Rxa2 34. b5 1-0

[Event "Bad Woerishofen Seniors op 30th"]
[Site "Bad Woerishofen"]
[Date "2014.03.29"]
[Round "9"]
[White "Jaeger, Erich"]
[Black "Kearsley, Raymond J"]
[Result "1-0"]
[WhiteElo "1963"]
[BlackElo "1700"]
[PlyCount "67"]
[EventDate "2014.03.21"]
[EventType "swiss"]
[EventRounds "9"]
[EventCountry "GER"]
[SourceTitle "EXT 2019"]
[Source "ChessBase"]
[SourceDate "2018.10.10"]
[SourceVersion "1"]
[SourceVersionDate "2018.10.10"]
[SourceQuality "1"]

1. Nf3 g6 2. c4 Bg7 3. Nc3 c5 4. g3 Nc6 5. Bg2 d6 6. 0-0 Bd7 7. Rb1 Rc8 8. d3 Nf6 9. Bd2 0-0 10. Qc1 Re8 11. a3 e6 12. e4 a6 13. Bg5 Qc7 14. Qf4 Nh5 15. Qd2 f5 16. exf5 gxf5 17. Bh6 Re7 18. Qg5 Be8 19. Bxg7 Rxg7 20. Qh6 Bg6 21. Rbe1 Re8 22. Ne2 Nd8 23. Nc3 f4 24. Ng5 Nf6 25. Nce4 Rf8 26. Qh4 Qe7 27. Kh1 Nxe4 28. Bxe4 Bxe4+ 29. Nxe4 Qc7 30. gxf4 d5 31. Nf6+ Kh8 32. Rg1 Rxg1+ 33. Rxg1 Qf7 34. Nh5 1-0

[Event "EU-chT Seniors 12th"]
[Site "Dresden"]
[Date "2010.02.18"]
[Round "9"]
[White "Zanger, Konrad"]
[Black "Jaeger, Erich"]
[Result "1/2-1/2"]
[WhiteElo "1811"]
[BlackElo "1996"]
[PlyCount "41"]
[EventDate "2010.02.10"]
[EventType "team-swiss"]
[EventRounds "9"]
[EventCountry "GER"]
[SourceTitle "CBM 134 Extra"]
[Source "ChessBase"]
[SourceDate "2010.03.03"]
[SourceVersion "1"]
[SourceVersionDate "2010.03.03"]
[SourceQuality "1"]
[WhiteTeam "Saxone (Seniors)"]
[BlackTeam "Rheno Palatinat (Seniors)"]
[WhiteTeamCountry "AUT"]
[BlackTeamCountry "GER"]

1. d4 Nf6 2. c4 g6 3. Nc3 Bg7 4. g3 0-0 5. Bg2 d6 6. e4 Nbd7 7. Nge2 e5 8. d5 a5 9. 0-0 Nc5 10. Be3 b6 11. b3 Ng4 12. Bxc5 bxc5 13. h3 Nh6 14. Rc1 f5 15. f3 Bd7 16. Kh2 Kh8 17. f4 Qe7 18. Qd2 Nf7 19. Rce1 exf4 20. Nxf4 Ne5 21. Nb5 1/2-1/2

[Event "GER theme 28-B00-S email"]
[Site "GER email"]
[Date "2008.11.21"]
[Round "?"]
[White "Jaeger, Erich"]
[Black "Anderskewitz, Ralf"]
[Result "1/2-1/2"]
[WhiteElo "2290"]
[BlackElo "2075"]
[PlyCount "79"]
[EventDate "2008.??.??"]
[EventType "tourn (corr)"]
[EventRounds "8"]
[EventCountry "GER"]
[SourceTitle "Corr 2011"]
[Source "ChessBase"]
[SourceDate "2010.08.31"]
[SourceVersion "1"]
[SourceVersionDate "2010.08.31"]
[SourceQuality "1"]

1. e4 b6 2. d4 Bb7 3. Nc3 e6 4. Bd3 Nf6 5. h3 c5 6. d5 Be7 7. Bc4 b5 8. Nxb5 Nxe4 9. Qd3 a6 10. Nc3 Nxc3 11. bxc3 exd5 12. Bxd5 Bxd5 13. Qxd5 Nc6 14. Bf4 0-0 15. Ne2 Bf6 16. 0-0 Rc8 17. Rab1 Re8 18. Rfe1 Ne7 19. Qc4 Ng6 20. Be3 Bg5 21. Bxg5 Qxg5 22. Ng3 Qd2 23. Ne4 Qxc2 24. Rbc1 Qb2 25. Nd6 Rxe1+ 26. Rxe1 Rf8 27. Qxc5 Qxa2 28. Qd4 f6 29. c4 Qa5 30. Ra1 Qe5 31. Qxe5 Nxe5 32. Rxa6 Nf7 33. c5 Nxd6 34. Rxd6 Rc8 35. Rxd7 Rxc5 36. Kf1 Rc1+ 37. Ke2 Rc2+ 38. Ke3 Rc3+ 39. Kd2 Ra3 40. h4 1/2-1/2

[Event "GER theme 28-B00-S email"]
[Site "GER email"]
[Date "2008.11.21"]
[Round "?"]
[White "Jansen, Uwe"]
[Black "Jaeger, Erich"]
[Result "0-1"]
[WhiteElo "1640"]
[BlackElo "2290"]
[PlyCount "122"]
[EventDate "2008.??.??"]
[EventType "tourn (corr)"]
[EventRounds "8"]
[EventCountry "GER"]
[SourceTitle "Corr 2011"]
[Source "ChessBase"]
[SourceDate "2010.08.31"]
[SourceVersion "1"]
[SourceVersionDate "2010.08.31"]
[SourceQuality "1"]

1. e4 b6 2. d4 Bb7 3. Nc3 e6 4. Bd3 Nf6 5. Nf3 Bb4 6. Bg5 Bxc3+ 7. bxc3 h6 8. Bxf6 Qxf6 9. 0-0 Nc6 10. e5 Qe7 11. Qe2 Qa3 12. c4 Nb4 13. Be4 Bxe4 14. Qxe4 0-0 15. Rfc1 Qc3 16. a3 Nc6 17. Qd3 Qxd3 18. cxd3 Rad8 19. Rab1 d6 20. exd6 Rxd6 21. d5 Ne7 22. dxe6 fxe6 23. d4 Nf5 24. c5 Rd5 25. cxb6 cxb6 26. Rc7 Rf7 27. Rxf7 Kxf7 28. Rd1 Ra5 29. Rd3 Nd6 30. Ne1 Ra4 31. Kf1 Nb5 32. Nc2 Rc4 33. Rd2 Rc3 34. a4 Nd6 35. d5 exd5 36. Rxd5 Ne4 37. Nd4 Nf6 38. Re5 Rc4 39. Nf5 Rxa4 40. Re7+ Kg6 41. Nxg7 Nd5 42. Rb7 a5 43. Ne8 Rb4 44. g3 a4 45. h4 Kf5 46. Ra7 Nc3 47. Kg2 Nb5 48. Ra6 a3 49. Ng7+ Ke5 50. f4+ Kf6 51. Nh5+ Kf7 52. Rxb6 a2 53. Rb7+ Ke6 54. Rb6+ Kd5 55. Nf6+ Kd4 56. Ra6 Nc3 57. Rxa2 Nxa2 58. g4 Nc3 59. g5 Ne4 60. Ng4 h5 61. Nh6 Ke3 0-1

[Event "GER HS-044 email"]
[Site "GER email"]
[Date "2008.07.08"]
[Round "?"]
[White "Jaeger, Erich"]
[Black "Jugl, Peter"]
[Result "1/2-1/2"]
[WhiteElo "2017"]
[BlackElo "2229"]
[PlyCount "72"]
[EventDate "2008.??.??"]
[EventType "tourn (corr)"]
[EventRounds "6"]
[EventCountry "GER"]
[SourceTitle "Corr 2011"]
[Source "ChessBase"]
[SourceDate "2010.08.31"]
[SourceVersion "1"]
[SourceVersionDate "2010.08.31"]
[SourceQuality "1"]

1. e4 c5 2. Nf3 d6 3. d4 cxd4 4. Qxd4 Nc6 5. Bb5 Bd7 6. Bxc6 Bxc6 7. Nc3 Nf6 8. 0-0 e6 9. Qd3 Be7 10. Nd4 0-0 11. Rd1 Qa5 12. h3 Qh5 13. Bf4 Rfc8 14. Nxc6 Rxc6 15. a4 a6 16. Qe3 Ne8 17. Qd3 Bf6 18. Ra3 Rac8 19. Bd2 Rc4 20. Rb3 R8c7 21. Ra1 Rd4 22. Qe3 Qc5 23. a5 h6 24. Ne2 Rc4 25. Qd3 Qc6 26. f3 Ra4 27. Rxa4 Qxa4 28. Kh2 Qa1 29. Be3 g5 30. Bb6 Rd7 31. Qd2 Bxb2 32. c3 Ba3 33. f4 d5 34. c4 Bd6 35. e5 Be7 36. Rd3 gxf4 1/2-1/2

[Event "GER HS-044 email"]
[Site "GER email"]
[Date "2008.07.08"]
[Round "?"]
[White "Jaeger, Erich"]
[Black "Kuna, Heiko"]
[Result "0-1"]
[WhiteElo "2017"]
[BlackElo "2288"]
[PlyCount "44"]
[EventDate "2008.??.??"]
[EventType "tourn (corr)"]
[EventRounds "6"]
[EventCountry "GER"]
[SourceTitle "Corr 2011"]
[Source "ChessBase"]
[SourceDate "2010.08.31"]
[SourceVersion "1"]
[SourceVersionDate "2010.08.31"]
[SourceQuality "1"]

1. e4 e5 2. Nf3 Nc6 3. Bb5 a6 4. Bxc6 dxc6 5. 0-0 Qd6 6. b3 Bg4 7. h3 h5 8. d3 Qg6 9. Kh1 0-0-0 10. Nbd2 Kb8 11. Qe2 Bc5 12. Rb1 Ne7 13. b4 Ba7 14. Nc4 Bd4 15. Bb2 Qf6 16. a4 Ng6 17. Bxd4 exd4 18. b5 cxb5 19. axb5 Nf4 20. Qd1 Nxh3 21. bxa6 b6 22. Rb5 Ka8 0-1

[Event "GER theme 02-A35-S email"]
[Site "GER email"]
[Date "2008.06.29"]
[Round "?"]
[White "Jaeger, Erich"]
[Black "Diele, Ralf"]
[Result "1/2-1/2"]
[WhiteElo "2290"]
[BlackElo "2295"]
[PlyCount "90"]
[EventDate "2008.??.??"]
[EventType "tourn (corr)"]
[EventRounds "8"]
[EventCountry "GER"]
[SourceTitle "Corr 2011"]
[Source "ChessBase"]
[SourceDate "2010.08.31"]
[SourceVersion "1"]
[SourceVersionDate "2010.08.31"]
[SourceQuality "1"]

1. Nf3 Nf6 2. c4 c5 3. Nc3 Nc6 4. e3 e5 5. d4 cxd4 6. exd4 e4 7. Ng5 Bb4 8. d5 Bxc3+ 9. bxc3 Na5 10. f3 0-0 11. Be2 Re8 12. 0-0 exf3 13. Nxf3 d6 14. Nd4 Nd7 15. Qd3 Ne5 16. Qg3 Bd7 17. Rf2 f6 18. Bh5 Ng6 19. Bh6 Qe7 20. Bxg6 hxg6 21. Qxg6 Nxc4 22. Qg3 Ne5 23. Nf5 Bxf5 24. Rxf5 Rac8 25. Raf1 Rf8 26. Bf4 Rc4 27. h4 Rc5 28. c4 Rxc4 29. h5 Rf7 30. h6 a5 31. hxg7 Rxg7 32. Qh3 Nf7 33. Bd2 Qd7 34. R1f2 Qc8 35. Qa3 Qc5 36. Qf3 Rc2 37. Rxf6 Rxd2 38. Rxf7 Qxf2+ 39. Qxf2 Rxf2 40. Rxf2 Rg5 41. Rb2 Rxd5 42. Rxb7 Rd2 43. a4 Rd4 44. Rd7 Rxa4 45. Rxd6 Ra2 1/2-1/2

[Event "GER theme 02-A35-S email"]
[Site "GER email"]
[Date "2008.06.29"]
[Round "?"]
[White "Jaeger, Erich"]
[Black "Zielinski, Sergej"]
[Result "1/2-1/2"]
[WhiteElo "2290"]
[BlackElo "1991"]
[PlyCount "116"]
[EventDate "2008.??.??"]
[EventType "tourn (corr)"]
[EventRounds "8"]
[EventCountry "GER"]
[SourceTitle "Corr 2011"]
[Source "ChessBase"]
[SourceDate "2010.08.31"]
[SourceVersion "1"]
[SourceVersionDate "2010.08.31"]
[SourceQuality "1"]

1. Nf3 Nf6 2. c4 c5 3. Nc3 Nc6 4. e3 e5 5. d4 cxd4 6. exd4 e4 7. Ng5 Bb4 8. d5 Ne5 9. Be2 0-0 10. Bd2 Bxc3 11. Bxc3 d6 12. 0-0 h6 13. f4 Ned7 14. Nh3 b5 15. cxb5 Nb6 16. f5 Nbxd5 17. Bd4 a6 18. Nf4 Nxf4 19. Rxf4 axb5 20. Bxb5 d5 21. a4 Ba6 22. Bxa6 Rxa6 23. b4 Qd6 24. Qd2 Rc6 25. Bxf6 Qxf6 26. Rd1 Rfc8 27. h3 Qe5 28. Rff1 Rd8 29. Qf4 Qc3 30. b5 Rc4 31. Rc1 Qd4+ 32. Kh2 Rxa4 33. Qc7 Raa8 34. b6 Rab8 35. Rc6 e3 36. f6 g5 37. b7 Qb2 38. Rb6 e2 39. Rc1 Qd2 40. Re6 d4 41. Re7 Qf4+ 42. Qxf4 gxf4 43. Rcc7 f3 44. gxf3 d3 45. Rxf7 e1Q 46. Rg7+ Kf8 47. Rcf7+ Ke8 48. Re7+ Qxe7 49. fxe7 Rd7 50. Rg8+ Kxe7 51. Rxb8 Kd6 52. Kg3 d2 53. Ra8 Rxb7 54. Ra1 Rd7 55. Kf2 Ke5 56. Rd1 Kf4 57. Ke2 Kg3 58. Rxd2 Rxd2+ 1/2-1/2

[Event "GER OS-065 email"]
[Site "GER email"]
[Date "2008.06.14"]
[Round "?"]
[White "Jaeger, Erich"]
[Black "Dorr, Joerg"]
[Result "1-0"]
[WhiteElo "2290"]
[BlackElo "1640"]
[PlyCount "75"]
[EventDate "2008.??.??"]
[EventType "tourn (corr)"]
[EventRounds "6"]
[EventCountry "GER"]
[SourceTitle "Corr 2011"]
[Source "ChessBase"]
[SourceDate "2010.08.31"]
[SourceVersion "1"]
[SourceVersionDate "2010.08.31"]
[SourceQuality "1"]

1. b4 d5 2. Bb2 e6 3. e3 Nf6 4. a3 Be7 5. Nf3 0-0 6. c4 dxc4 7. Bxc4 b6 8. Qe2 Bb7 9. 0-0 a5 10. b5 Nbd7 11. d4 Ne4 12. Nbd2 Nxd2 13. Nxd2 Bd5 14. Rac1 f5 15. Bxd5 exd5 16. Qf3 Nf6 17. Qxf5 a4 18. Nf3 Bd6 19. Qe6+ Kh8 20. Ne5 Qe8 21. Qxe8 Raxe8 22. Rc2 Re7 23. Bc3 Ra8 24. Nc6 Rf7 25. Bb4 Ne8 26. h4 h5 27. Ne5 Rf6 28. Rb1 Kg8 29. g3 Re6 30. Bxd6 Rxd6 31. Kg2 Kf8 32. Kf1 Ke7 33. Ke2 Re6 34. Nd3 Rf6 35. f3 g6 36. Nf4 Rd6 37. Kd3 Kf7 38. e4 1-0

[Event "GER OS-065 email"]
[Site "GER email"]
[Date "2008.06.14"]
[Round "?"]
[White "Jaeger, Erich"]
[Black "Eife, Gunter"]
[Result "1/2-1/2"]
[WhiteElo "2290"]
[BlackElo "1640"]
[PlyCount "75"]
[EventDate "2008.??.??"]
[EventType "tourn (corr)"]
[EventRounds "6"]
[EventCountry "GER"]
[SourceTitle "Corr 2011"]
[Source "ChessBase"]
[SourceDate "2010.08.31"]
[SourceVersion "1"]
[SourceVersionDate "2010.08.31"]
[SourceQuality "1"]

1. b4 e5 2. Bb2 Bxb4 3. Bxe5 Nf6 4. c4 Nc6 5. Bb2 d5 6. a3 Be7 7. cxd5 Qxd5 8. e3 Qc5 9. d4 Qb6 10. Bc3 Nd5 11. Bd3 Be6 12. Ne2 0-0 13. 0-0 Na5 14. Qc2 g6 15. Be1 c5 16. dxc5 Bxc5 17. Nbc3 Rac8 18. Nxd5 Bxd5 19. Nf4 Bb3 20. Qb1 Ba4 21. Qa2 Qd8 22. Rb1 b6 23. Bxa5 bxa5 24. Rfc1 Bd6 25. Rxc8 Qxc8 26. Nd5 Rd8 27. Nf6+ Kf8 28. Nxh7+ Kg7 29. Ng5 Qc7 30. g3 Bxg3 31. Be4 Bxh2+ 32. Kh1 Rd7 33. f4 Bxf4 34. exf4 Qxf4 35. Qb2+ Qf6 36. Qg2 Qe5 37. Rf1 Bb3 38. Qg4 1/2-1/2

[Event "GER theme 32-C42-S email"]
[Site "GER email"]
[Date "2008.06.11"]
[Round "?"]
[White "Jaeger, Erich"]
[Black "Noack, Thomas"]
[Result "1-0"]
[WhiteElo "2290"]
[BlackElo "1640"]
[PlyCount "51"]
[EventDate "2008.??.??"]
[EventType "tourn (corr)"]
[EventRounds "8"]
[EventCountry "GER"]
[SourceTitle "Corr 2011"]
[Source "ChessBase"]
[SourceDate "2010.08.31"]
[SourceVersion "1"]
[SourceVersionDate "2010.08.31"]
[SourceQuality "1"]

1. e4 e5 2. Nf3 Nf6 3. Nxe5 Nxe4 4. Qe2 Qe7 5. Qxe4 d6 6. d4 dxe5 7. dxe5 Nc6 8. Bb5 Bd7 9. Nc3 0-0-0 10. Bf4 g5 11. Bg3 Re8 12. 0-0-0 f5 13. Qd3 f4 14. Nd5 Qg7 15. Nf6 Rd8 16. Bxc6 bxc6 17. Qa6+ Kb8 18. Rd3 Bc5 19. Rhd1 fxg3 20. fxg3 Bb6 21. Nxd7+ Rxd7 22. Rxd7 Qf8 23. e6 Qc8 24. Qa3 c5 25. Qa4 Re8 26. Qc6 1-0

[Event "GER theme 24-D25-S email"]
[Site "GER email"]
[Date "2008.05.25"]
[Round "?"]
[White "Zielinski, Sergej"]
[Black "Jaeger, Erich"]
[Result "1/2-1/2"]
[WhiteElo "1991"]
[BlackElo "2290"]
[PlyCount "113"]
[EventDate "2008.??.??"]
[EventType "tourn (corr)"]
[EventRounds "8"]
[EventCountry "GER"]
[SourceTitle "Corr 2011"]
[Source "ChessBase"]
[SourceDate "2010.08.31"]
[SourceVersion "1"]
[SourceVersionDate "2010.08.31"]
[SourceQuality "1"]

1. d4 d5 2. c4 dxc4 3. Nf3 Nf6 4. e3 Be6 5. Nc3 c6 6. Ng5 Bd5 7. e4 h6 8. exd5 hxg5 9. dxc6 Nxc6 10. d5 Ne5 11. Bxg5 Qd6 12. Qd4 e6 13. 0-0-0 Nxd5 14. Nxd5 Qxd5 15. Qxd5 exd5 16. Rxd5 f6 17. Bf4 Rd8 18. Rxd8+ Kxd8 19. Bxe5 fxe5 20. Bxc4 Bc5 21. f3 Be3+ 22. Kb1 Ke7 23. Re1 Bd4 24. h3 Kf6 25. Bd3 Rd8 26. Be4 b5 27. Re2 Rc8 28. a3 b4 29. axb4 Rb8 30. h4 Rxb4 31. g4 Kf7 32. Ka2 Ra4+ 33. Kb3 Ra5 34. Kb4 Rc5 35. Rh2 Be3 36. h5 Kf6 37. Ka4 a5 38. Re2 Bf4 39. b3 Rc3 40. Kxa5 Rxb3 41. Rc2 Ra3+ 42. Kb4 Ra6 43. Kb5 Ra7 44. Rc6+ Kg5 45. Kc4 Ra4+ 46. Kc3 Ra3+ 47. Kb4 Ra7 48. Rg6+ Kh4 49. Re6 Kg3 50. Kc4 Rc7+ 51. Kd5 Rd7+ 52. Kc6 Ra7 53. Re8 Kh4 54. Kd6 Bh2 55. Kd5 Bf4 56. Kc4 Rc7+ 57. Kb5 1/2-1/2

[Event "GER HS-041 email"]
[Site "GER email"]
[Date "2008.05.22"]
[Round "?"]
[White "Herzog, Klaus"]
[Black "Jaeger, Erich"]
[Result "1/2-1/2"]
[WhiteElo "2158"]
[BlackElo "2017"]
[PlyCount "43"]
[EventDate "2008.??.??"]
[EventType "tourn (corr)"]
[EventRounds "6"]
[EventCountry "GER"]
[SourceTitle "Corr 2011"]
[Source "ChessBase"]
[SourceDate "2010.08.31"]
[SourceVersion "1"]
[SourceVersionDate "2010.08.31"]
[SourceQuality "1"]

1. e4 c5 2. Nf3 d6 3. d4 cxd4 4. Nxd4 Nf6 5. Nc3 a6 6. Be3 e5 7. Nb3 Be6 8. f3 Nbd7 9. g4 b5 10. g5 b4 11. gxf6 bxc3 12. fxg7 Bxg7 13. bxc3 Bh6 14. Qd2 Bxe3 15. Qxe3 Qh4+ 16. Qf2 Qxf2+ 17. Kxf2 Ke7 18. Ke3 Nb6 19. Bd3 Rhc8 20. Kd2 Na4 21. Rhg1 h6 22. Rg7 1/2-1/2

[Event "GER HS-041 email"]
[Site "GER email"]
[Date "2008.05.22"]
[Round "?"]
[White "Jaeger, Erich"]
[Black "Wuttke, Bodo"]
[Result "1-0"]
[WhiteElo "2017"]
[BlackElo "2044"]
[PlyCount "65"]
[EventDate "2008.??.??"]
[EventType "tourn (corr)"]
[EventRounds "6"]
[EventCountry "GER"]
[SourceTitle "Corr 2011"]
[Source "ChessBase"]
[SourceDate "2010.08.31"]
[SourceVersion "1"]
[SourceVersionDate "2010.08.31"]
[SourceQuality "1"]

1. e4 e6 2. d4 d5 3. Nc3 Nf6 4. Bg5 Bb4 5. e5 h6 6. Bd2 Bxc3 7. bxc3 Ne4 8. Qg4 g6 9. Bd3 Nxd2 10. Kxd2 c5 11. Nf3 Nc6 12. Qf4 Qa5 13. Rhe1 g5 14. Qf6 Rg8 15. Qxh6 cxd4 16. Ke2 dxc3 17. Kf1 b6 18. Nxg5 Ba6 19. Rad1 Bxd3+ 20. Rxd3 Qb4 21. h4 Qg4 22. Rg3 Qc4+ 23. Kg1 Qf4 24. Qh7 Rf8 25. Rf3 Qd2 26. Ree3 Nd8 27. Qg7 d4 28. Rd3 Qxc2 29. Nh7 Qb1+ 30. Kh2 Qb4 31. a3 Qc5 32. Rxc3 dxc3 33. Rd3 1-0

[Event "GER Pyramid email"]
[Site "GER email"]
[Date "2008.05.09"]
[Round "?"]
[White "Jaeger, Erich"]
[Black "Stolz, Stephan"]
[Result "0-1"]
[WhiteElo "2017"]
[BlackElo "2413"]
[PlyCount "124"]
[EventDate "2005.??.??"]
[EventType "tourn (corr)"]
[EventRounds "9"]
[EventCountry "GER"]
[SourceTitle "Corr 2011"]
[Source "ChessBase"]
[SourceDate "2010.08.31"]
[SourceVersion "1"]
[SourceVersionDate "2010.08.31"]
[SourceQuality "1"]

1. e4 e6 2. Nc3 d5 3. Nf3 Nf6 4. e5 Nfd7 5. d4 c5 6. Nb5 a6 7. Nd6+ Bxd6 8. exd6 0-0 9. Be3 cxd4 10. Qxd4 Nc6 11. Qa4 Nf6 12. Qa3 e5 13. c3 Be6 14. Be2 Ne4 15. 0-0 Re8 16. Rad1 h6 17. Rfe1 Nxd6 18. Bc5 Nb5 19. Qa4 Qc7 20. c4 dxc4 21. Bxc4 Bxc4 22. Qxc4 Rac8 23. Qg4 Rcd8 24. a4 Rxd1 25. Rxd1 Rd8 26. Rxd8+ Qxd8 27. h3 Nc7 28. Nh4 Ne6 29. Be3 Ncd4 30. Nf5 Nxf5 31. Qxf5 Qd5 32. f3 Kf8 33. Qc2 Ke7 34. Kf2 Qc6 35. Qb3 f5 36. Qb4+ Kf6 37. a5 Qc2+ 38. Kf1 e4 39. fxe4 Qxe4 40. Qxe4 fxe4 41. Bd2 Nc7 42. Bc3+ Kf7 43. Bd4 g6 44. g4 h5 45. Kf2 hxg4 46. hxg4 Nd5 47. Kg3 Ke7 48. Kh4 Ke6 49. Kg5 e3 50. Kxg6 e2 51. Bf2 Nf6 52. g5 Ng4 53. Bg3 Ne5+ 54. Kh6 Kf5 55. Kh5 Nd3 56. b3 Ne5 57. Bf2 Ke6 58. Bh4 Nf3 59. Bg3 e1Q 60. Bxe1 Nxe1 61. g6 Nf3 62. g7 Kf7 0-1